000 00321nam a2200133 i 4500
001 bg
100 1 _aTIMINSKIJ, W. J.
245 0 _aNovoe avtotraktornoe elektrooborudovanie /
_cW.J. Timinskij.
260 _aMinsk,
_c1972.
040 _cBPK
041 _apol
942 _cKS
008 s pl f |000 0 pol
999 _c15086
_d15086
856 _uhttp://koha.tu.koszalin.pl/cgi-bin/koha/opac-detail.pl?biblionumber=15086
_yKatalog online BPK